|
|
|
|
| LEADER |
02675cam a2200733 i 4500 |
| 001 |
nkc20172865929 |
| 003 |
CZ PrNK |
| 005 |
20171213075550.0 |
| 007 |
ta |
| 008 |
161121s2016 xr ac e 000 0dcze d |
| 015 |
|
|
|a cnb002865929
|
| 020 |
|
|
|a 978-80-87635-47-6
|q (brožováno)
|
| 035 |
|
|
|a (OCoLC)987017015
|
| 040 |
|
|
|a KLG001
|b cze
|d ABA001
|e rda
|
| 041 |
1 |
|
|a cze
|h ger
|
| 043 |
|
|
|a e-gx---
|
| 045 |
|
|
|a r7s8
|
| 072 |
|
7 |
|a 133
|x Ezoterismus. Okultismus
|2 Konspekt
|9 17
|
| 080 |
|
|
|a 2-587-051
|2 MRF
|
| 080 |
|
|
|a 141.331
|2 MRF
|
| 080 |
|
|
|a 27-784ROS
|2 MRF
|
| 080 |
|
|
|a 255.83
|2 MRF
|
| 080 |
|
|
|a 299.72
|2 MRF
|
| 080 |
|
|
|a 141.333
|2 MRF
|
| 080 |
|
|
|a (430)
|2 MRF
|
| 080 |
|
|
|a (042.3)
|2 MRF
|
| 080 |
|
|
|a (082.21)
|2 MRF
|
| 100 |
1 |
|
|a Steiner, Rudolf,
|d 1861-1925
|7 jn19990009728
|4 aut
|
| 245 |
1 |
0 |
|a Mise Christiana Rosenkreutze a dějinné poslání rosikruciánství /
|c z díla Rudolfa Steinera vybral Radomil Hradil
|
| 250 |
|
|
|a Vydání první
|
| 264 |
|
1 |
|a Hranice :
|b Fabula,
|c 2016
|
| 300 |
|
|
|a 199 stran :
|b ilustrace, portréty ;
|c 21 cm
|
| 336 |
|
|
|a text
|b txt
|2 rdacontent
|
| 337 |
|
|
|a bez média
|b n
|2 rdamedia
|
| 338 |
|
|
|a svazek
|b nc
|2 rdacarrier
|
| 500 |
|
|
|a Přeloženo z němčiny
|
| 504 |
|
|
|a Obsahuje bibliografii a bibliografické odkazy
|
| 600 |
1 |
7 |
|a Rosenkreutz, Christian,
|d asi 1378-1484
|7 kup20030000084105
|2 czenas
|
| 600 |
1 |
7 |
|a Steiner, Rudolf,
|d 1861-1925
|7 jn19990009728
|2 czenas
|
| 648 |
|
7 |
|a 14.-15. století
|7 ch460617
|2 czenas
|
| 650 |
0 |
7 |
|a mystici
|7 ph115388
|z Německo
|y 14.-15. století
|2 czenas
|
| 650 |
0 |
7 |
|a hermetismus
|7 ph120689
|z Německo
|y 14.-15. století
|2 czenas
|
| 650 |
0 |
7 |
|a rosikruciánství
|7 ph344903
|x učení
|2 czenas
|
| 650 |
0 |
7 |
|a rosikruciánství
|7 ph344903
|x symbolika
|2 czenas
|
| 650 |
0 |
7 |
|a mystéria
|7 ph123079
|2 czenas
|
| 650 |
0 |
7 |
|a antropozofie
|7 ph118535
|2 czenas
|
| 650 |
0 |
7 |
|a antropozofické učení
|7 ph208675
|2 czenas
|
| 650 |
0 |
9 |
|a mystics
|z Germany
|y 14th-15th centuries
|2 eczenas
|
| 650 |
0 |
9 |
|a hermetism
|z Germany
|y 14th-15th centuries
|2 eczenas
|
| 650 |
0 |
9 |
|a Rosicrucianry
|x doctrines
|2 eczenas
|
| 650 |
0 |
9 |
|a Rosicrucianry
|x symbolism
|2 eczenas
|
| 650 |
0 |
9 |
|a mysteries
|2 eczenas
|
| 650 |
0 |
9 |
|a anthroposophy
|2 eczenas
|
| 650 |
0 |
9 |
|a anthroposophic doctrine
|2 eczenas
|
| 655 |
|
7 |
|a přednášky
|7 fd133199
|2 czenas
|
| 655 |
|
7 |
|a výbory
|7 fd133853
|2 czenas
|
| 655 |
|
9 |
|a lectures
|2 eczenas
|
| 655 |
|
9 |
|a selected works
|2 eczenas
|
| 700 |
1 |
|
|a Hradil, Radomil,
|d 1967-
|7 xx0002864
|4 edt
|4 trl
|
| 910 |
2 |
|
|a BOA001
|b 2-1399.421
|
| 920 |
|
|
|a 1104763
|z KLG001
|
| 990 |
|
|
|a BK
|
| 995 |
|
|
|a 01
|
| 996 |
6 |
|
|b 2610727397
|c 2-1399.421
|l MZK
|r Sklad / do 1 hodiny
|n 0
|p p.v.
|w 001642864
|u 000010
|a 1
|e BOA001
|j MZK50
|s P
|